| 000 | 01174cam a22003254a 4500 | ||
|---|---|---|---|
| 001 | 16272511 | ||
| 005 | 20100726090601.0 | ||
| 008 | 100608s2010 ohua b 001 0 eng c | ||
| 020 | _a1439041229 | ||
| 020 | _a9781439041222 | ||
| 020 | _a032482789X | ||
| 020 | _a9780324827897 | ||
| 035 | _a(OCoLC)ocn434456659 | ||
| 040 |
_aOKS _cOKS _dTEF _dBTCTA _dYDXCP _dDLC |
||
| 050 | 0 | 0 |
_aHB171.5 _b.E358 2010 |
| 082 |
_222 _a330 _bECO |
||
| 245 | 0 | 0 |
_aEconomics and Contemporary Issues / _cRonald L. Moomaw ... [et al.]. |
| 246 | 1 | 4 | _aEconomics & contemporary issues |
| 250 | _a8th ed. | ||
| 260 |
_aMason, OH : _bSouth-Western Cengage Learning, _cc2010. |
||
| 300 |
_axxii, 458 p. : _bcol. ill. ; _c26 cm. |
||
| 500 | _aPrevious ed.: 2007. | ||
| 504 | _aIncludes bibliographical references and index. | ||
| 650 | 0 |
_aEconomics. _930202 |
|
| 653 |
_bEco _cJune2012 |
||
| 700 | 1 |
_aMoomaw, Ronald L. _930203 |
|
| 942 |
_2ddc _cBB |
||
| 999 |
_c16788 _d16788 |
||